000 00817nam a2200241 4500
003 OTs
005 20260530113921.0
008 260520b |||||||| |||| 00| 0 spa d
040 _aICI
_bspa
_cICI
_erda
050 _aTS171
_bO25
245 _aObjetos Cotidianos /
_b Gestón de diseño en la cadena de valor para productos de bazar, gastronomía y regalos
264 _aMéxico
_bOC
300 _a58 Páginas
336 _2rdacontent
_atexto
337 _2rdamedia
_asin medio
338 _2rdacarrier
_avolumen
650 _aDiseño industrial
_xAdministración
_934625
650 _aDesarrollo de productos
_934626
650 _aProductos comerciales
_xDiseño
_934627
650 _aIndustria del regalo
_xDiseño y elaboración
_934628
700 _aMac Dermott, María Cecilia
_etra.
_934629
942 _2lcc
_n1
_cBK
999 _c12439
_d12439